<The> Cambridge English Course 1 Practice Book

Guardado en:
Detalles Bibliográficos
Autor principal: Swan, Michael
Otros Autores: Walter, Catherine
Formato: Libro
Lenguaje:inglés
Publicado: Praha Stát. ped. nakl. 1990
Edición:1. ed.
Colección:Jazykové učebnice pro veřejnost
Etiquetas: Agregar Etiqueta
Sin Etiquetas, Sea el primero en etiquetar este registro!

MARC

LEADER 00000nam a2200000 4500
001 c041119
005 20221206122333.2
041 0 |a eng 
044 |a CZ 
245 1 0 |a <The> Cambridge English Course 1  |b Practice Book  |c Michael Swan, Catherine Walter 
250 |a 1. ed. 
264 1 |a Praha  |b Stát. ped. nakl.  |c 1990 
300 |a 128 s.  |e 32 s. príl. 
490 1 |a Jazykové učebnice pro veřejnost 
830 0 |a Jazykové učebnice pro veřejnost 
100 1 |a Swan, Michael 
700 1 |a Walter, Catherine